[Event "Youth Classic 2018 - Youth Open U14"]
[Site "Bad Soden-Neuenhain, Bürgerhau"]
[Date "2018.10.02"]
[Round "7.20"]
[White "Nastassine, Alexey"]
[Black "Riemann, Adrian"]
[Result "0-1"]
[WhiteElo "881"]
[BlackElo "933"]
[PlyCount "50"]
[EventDate "2018.??.??"]
[WhiteTeam "Frankfurter TV"]
[BlackTeam "SK Bickenbach"]

1. e4 e6 2. Nf3 d5 3. Nc3 Nf6 4. Be2 dxe4 5. Ng5 Qd4 6. Nb5 Qe5 7. O-O Bd7 8.
d4 exd3 9. Bxd3 Bxb5 10. Nf3 Qc5 11. Be3 Qb4 12. Qc1 Bxd3 13. cxd3 Nc6 14. a3
Qb3 15. Nd2 Qxd3 16. Bc5 Bxc5 17. Rd1 b6 18. Nf3 Qb5 19. Re1 Na5 20. Qf4 Qxb2
21. Qxc7 Bxf2+ 22. Kh1 Bxe1 23. Rxe1 Qxa3 24. Nh4 Qb4 25. Re2 Qb1+ 0-1

[Event "Youth Classic 2018 - Youth Open U14"]
[Site "Bad Soden-Neuenhain, Bürgerhau"]
[Date "2018.10.02"]
[Round "7.24"]
[White "Nonn, Julian"]
[Black "Staab, Aaron"]
[Result "0-1"]
[WhiteElo "802"]
[BlackElo "875"]
[PlyCount "92"]
[EventDate "2018.??.??"]
[WhiteTeam "SVG Eppstein"]
[BlackTeam "SC Nidderau"]

1. d4 d5 2. Nc3 Nf6 3. Bf4 Bf5 4. Nb5 Na6 5. Nf3 Qd7 6. e3 O-O-O 7. Nc3 Nb4 8.
Rc1 Ne4 9. Nxe4 dxe4 10. Ne5 Qa4 11. Bc4 f6 12. b3 Qxa2 13. Nf7 Qa5 14. c3 Nd3+
15. Bxd3 exd3 16. Nxh8 e6 17. O-O Ba3 18. Ra1 Rxh8 19. b4 Qd5 20. Rxa3 e5 21.
dxe5 fxe5 22. Bg3 d2 23. f3 e4 24. Qa1 a6 25. Ra4 Bd7 26. b5 Bxb5 27. Rd4 Qc5
28. Rd1 exf3 29. gxf3 Qg5 30. Kf2 Re8 31. Re4 Rxe4 32. fxe4 Qf6+ 33. Kg2 Qc6
34. Kf3 Qf6+ 35. Bf4 g5 36. Rxd2 gxf4 37. c4 Qxa1 38. cxb5 axb5 39. Kxf4 b4 40.
e5 Qa6 41. Kf5 b3 42. e6 Qa5+ 43. Kf6 Qxd2 44. e7 Qxe3 45. Kf7 Qxe7+ 46. Kxe7
b2 0-1

[Event "Youth Classic 2018 - Youth Open U14"]
[Site "Bad Soden-Neuenhain, Bürgerhau"]
[Date "2018.10.03"]
[Round "8.1"]
[White "Gräf, Jakob"]
[Black "Gallasch, Jonas"]
[Result "0-1"]
[WhiteElo "1520"]
[BlackElo "2045"]
[PlyCount "74"]
[EventDate "2018.??.??"]
[WhiteTeam "SV Frankfurt Nord"]
[BlackTeam "SG Porz"]

1. e4 c5 2. c3 d5 3. e5 Nc6 4. d4 Bf5 5. Nf3 Bg4 6. Bb5 e6 7. Bg5 Bxf3 8. Bxd8
Bxd1 9. Bc7 Bh5 10. O-O Rc8 11. Bxc6+ bxc6 12. Ba5 Rb8 13. b3 Rb5 14. Bc7 Kd7
15. Bd6 Bxd6 16. exd6 cxd4 17. cxd4 Rb4 18. Nc3 Rxd4 19. Rac1 Kxd6 20. Na4 Nf6
21. f3 Nd7 22. Rc3 Rc8 23. Rfc1 c5 24. Nb2 Bg6 25. Nd1 Rd3 26. Rxd3 Bxd3 27.
Nf2 Bg6 28. Ng4 Ne5 29. Nxe5 Kxe5 30. f4+ Kxf4 31. Re1 Be4 32. Rf1+ Ke3 33.
Rxf7 c4 34. bxc4 Rxc4 35. Rf1 Rc2 36. Re1+ Re2 37. Rxe2+ Kxe2 0-1

[Event "Youth Classic 2018 - Youth Open U14"]
[Site "Bad Soden-Neuenhain, Bürgerhau"]
[Date "2018.10.03"]
[Round "8.2"]
[White "Lorenz, Alexander"]
[Black "Riemann, Jonas"]
[Result "0-1"]
[WhiteElo "1748"]
[BlackElo "1785"]
[PlyCount "78"]
[EventDate "2018.??.??"]
[WhiteTeam "SV Bergwinkel"]
[BlackTeam "SK Bickenbach"]

1. e4 e6 2. d4 d5 3. Nc3 Nf6 4. e5 Nfd7 5. f4 c5 6. Nf3 Nc6 7. Bb5 a6 8. Bxc6
bxc6 9. O-O cxd4 10. Nxd4 c5 11. Nf3 Nb6 12. Kh1 Be7 13. Qe1 Bb7 14. b3 Qd7 15.
Rb1 O-O 16. Qg3 f5 17. exf6 Bxf6 18. Bb2 d4 19. Ne2 Nd5 20. Ne5 Bxe5 21. fxe5
Ne3 22. Rxf8+ Rxf8 23. Nf4 Qc6 24. Nh5 Qxg2+ 25. Qxg2 Bxg2+ 26. Kg1 Be4 27. Rc1
Bxc2 28. Ba3 d3 29. Bxc5 d2 30. Bxe3 dxc1=Q+ 31. Bxc1 Rf5 32. Ng3 Rxe5 33. Bb2
Ra5 34. b4 Rxa2 35. Bd4 Bb3 36. Ne4 Bd5 37. Nf2 Rd2 38. Bc3 Rc2 39. Bd4 Rc1+
0-1

[Event "Youth Classic 2018 - Youth Open U14"]
[Site "Bad Soden-Neuenhain, Bürgerhau"]
[Date "2018.10.03"]
[Round "8.3"]
[White "Haack, Kevin"]
[Black "Abou Wally, Adrian"]
[Result "1-0"]
[WhiteElo "1870"]
[BlackElo "1313"]
[PlyCount "53"]
[EventDate "2018.??.??"]
[WhiteTeam "SC Bad Soden"]
[BlackTeam "SV Schott Jena"]

1. c4 c5 2. g3 g6 3. Bg2 Bg7 4. Nc3 Nc6 5. a3 a5 6. Nf3 e5 7. O-O Nge7 8. d3 d6
9. Rb1 Be6 10. Nb5 Nc8 11. Bg5 f6 12. Bd2 O-O 13. Qc1 f5 14. Ng5 Bf7 15. Nxf7
Rxf7 16. Bd5 Qd7 17. Bh6 N8e7 18. Bxf7+ Kxf7 19. Bxg7 Kxg7 20. e3 b6 21. Qc3 d5
22. d4 exd4 23. exd4 dxc4 24. d5+ Nd4 25. Nxd4 Nxd5 26. Nxf5+ Kf8 27. Qh8+ 1-0

[Event "Youth Classic 2018 - Youth Open U14"]
[Site "Bad Soden-Neuenhain, Bürgerhau"]
[Date "2018.10.03"]
[Round "8.4"]
[White "Buchholz, Maja"]
[Black "Markosyan, Aleksandr"]
[Result "1-0"]
[WhiteElo "1327"]
[BlackElo "1559"]
[PlyCount "37"]
[EventDate "2018.??.??"]
[WhiteTeam "SK Langen"]
[BlackTeam "SG Idstein"]

1. c4 e6 2. Nc3 Nf6 3. Nf3 d5 4. b3 Nbd7 5. g3 c6 6. Bg2 Be7 7. O-O b6 8. Bb2
Bb7 9. cxd5 cxd5 10. Rc1 Rc8 11. Nb5 a6 12. Rxc8 Qxc8 13. Nbd4 O-O 14. Qc1 g6
15. d3 Re8 16. Qf4 e5 17. Nxe5 Bd6 18. Ndf3 Nh5 19. Qxf7+ 1-0

[Event "Youth Classic 2018 - Youth Open U14"]
[Site "Bad Soden-Neuenhain, Bürgerhau"]
[Date "2018.10.03"]
[Round "8.5"]
[White "Zhu, Andy"]
[Black "Schmid, Leon"]
[Result "1-0"]
[WhiteElo "1444"]
[BlackElo "1144"]
[PlyCount "41"]
[EventDate "2018.??.??"]
[WhiteTeam "Frankfurter TV"]
[BlackTeam "SF Heidesheim"]

1. e4 e6 2. d4 d5 3. exd5 exd5 4. c4 dxc4 5. Bxc4 Nc6 6. Nf3 Nf6 7. Nc3 Bg4 8.
Be3 Bxf3 9. Qxf3 Nxd4 10. Bxd4 Qxd4 11. Bb5+ c6 12. Bxc6+ Nd7 13. Bxb7 Ne5 14.
Qe2 Rb8 15. Bc6+ Kd8 16. Rd1 Nxc6 17. Rxd4+ Nxd4 18. Qd2 Bc5 19. Qg5+ Kd7 20.
Qxc5 Rb4 21. O-O 1-0

[Event "Youth Classic 2018 - Youth Open U14"]
[Site "Bad Soden-Neuenhain, Bürgerhau"]
[Date "2018.10.03"]
[Round "8.6"]
[White "Plaumann, Arvin"]
[Black "Burkart, Lloyd Shang"]
[Result "1/2-1/2"]
[WhiteElo "1269"]
[BlackElo "1157"]
[PlyCount "37"]
[EventDate "2018.??.??"]
[WhiteTeam "SF Heidesheim"]
[BlackTeam "TuS Makkabi"]

1. e4 c5 2. Bc4 e6 3. Nc3 Nc6 4. d3 Nf6 5. Qf3 Nd4 6. Qd1 d6 7. Nf3 Nxf3+ 8.
Qxf3 Be7 9. O-O O-O 10. Qg3 Kh8 11. Re1 a6 12. e5 dxe5 13. Qxe5 b5 14. Bb3 Bb7
15. Bf4 Qd4 16. Ne2 Qxe5 17. Bxe5 Nd5 18. Bxd5 Bxd5 19. Nf4 1/2-1/2

[Event "Youth Classic 2018 - Youth Open U14"]
[Site "Bad Soden-Neuenhain, Bürgerhau"]
[Date "2018.10.03"]
[Round "8.7"]
[White "Ruppert, Henry"]
[Black "von Beckh, Frieda"]
[Result "1-0"]
[WhiteElo "1162"]
[BlackElo "1262"]
[PlyCount "143"]
[EventDate "2018.??.??"]
[WhiteTeam "SC Flörsheim"]
[BlackTeam "SC Eschborn"]

1. e4 c5 2. Nc3 Nc6 3. f4 g6 4. Nf3 Bg7 5. Bb5 Nf6 6. Bxc6 bxc6 7. O-O O-O 8.
d3 d5 9. Qe1 Bg4 10. h3 Bd7 11. Qh4 e6 12. f5 exf5 13. exf5 Bxf5 14. g4 Be6 15.
Ng5 h5 16. Nxe6 fxe6 17. Bg5 hxg4 18. hxg4 Rb8 19. b3 Rb7 20. Ne2 Rbf7 21. Nf4
Qd6 22. Nxg6 Nxg4 23. Nxf8 Bd4+ 24. Kh1 Qxf8 25. Rxf7 Qxf7 26. Qxg4 Bxa1 27.
Bf6+ Kf8 28. Bxa1 Qf1+ 29. Qg1 Qf3+ 30. Qg2 Qd1+ 31. Qg1 Qh5+ 32. Qh2 Qd1+ 33.
Qg1 Qh5+ 34. Kg2 Qg4+ 35. Kf2 Qxg1+ 36. Kxg1 d4 37. Kf2 Ke7 38. Kf3 Kd6 39. Ke4
a6 40. c3 e5 41. cxd4 cxd4 42. Bxd4 exd4 43. Kxd4 c5+ 44. Kc4 Kc6 45. b4 cxb4
46. Kxb4 Kb6 47. d4 Kc6 48. a4 Kd5 49. Kc3 a5 50. Kd3 Kd6 51. Kc4 Kc6 52. d5+
Kd6 53. Kd4 Kd7 54. Kc5 Kc7 55. Kb5 Kd6 56. Kxa5 Kxd5 57. Kb6 Kd6 58. a5 Kd7
59. a6 Kc8 60. a7 Kd7 61. a8=Q Kd6 62. Qc6+ Ke5 63. Qd7 Ke4 64. Kc5 Ke3 65.
Qd4+ Ke2 66. Qc3 Kf2 67. Kd4 Ke2 68. Qe3+ Kf1 69. Qd2 Kg1 70. Ke3 Kh1 71. Kf3
Kg1 72. Qg2# 1-0

[Event "Youth Classic 2018 - Youth Open U14"]
[Site "Bad Soden-Neuenhain, Bürgerhau"]
[Date "2018.10.03"]
[Round "8.8"]
[White "Goetz, Fenja"]
[Black "Tryfon, Konstantin"]
[Result "1-0"]
[WhiteElo "1343"]
[BlackElo "1159"]
[PlyCount "59"]
[EventDate "2018.??.??"]
[WhiteTeam "SK Bad Homburg"]
[BlackTeam "SV Hofheim"]

1. e4 e5 2. Nf3 Nc6 3. d4 exd4 4. Bc4 Nf6 5. e5 d5 6. Bb5 Ne4 7. Nxd4 Bd7 8.
Bf4 Bc5 9. c3 Nxd4 10. Bxd7+ Qxd7 11. cxd4 Bb4+ 12. Nd2 Qf5 13. Qa4+ c6 14.
Qxb4 Qxf4 15. Nf3 O-O-O 16. O-O Rhf8 17. Rac1 f6 18. e6 Rfe8 19. e7 Rd6 20. Qa5
Kb8 21. b4 Rxe7 22. b5 cxb5 23. Qxb5 g5 24. Rc2 g4 25. Rfc1 Rd8 26. Qxd5 Ree8
27. Qc4 gxf3 28. gxf3 Qxf3 29. Qc7+ Ka8 30. Qc8+ 1-0

[Event "Youth Classic 2018 - Youth Open U14"]
[Site "Bad Soden-Neuenhain, Bürgerhau"]
[Date "2018.10.03"]
[Round "8.9"]
[White "Mader, Fabian"]
[Black "Wisniewski, Niklas Lorenz"]
[Result "0-1"]
[WhiteElo "1204"]
[BlackElo "977"]
[PlyCount "134"]
[EventDate "2018.??.??"]
[WhiteTeam "VfR-SC Koblenz"]
[BlackTeam "SC Bad Soden"]

1. e4 e5 2. Nf3 Nc6 3. Bc4 d6 4. c3 Nf6 5. d3 Bg4 6. h3 Be6 7. Bb5 Bd7 8. Ba4
Be7 9. Nbd2 d5 10. Qe2 d4 11. Nf1 h6 12. Ng3 Bd6 13. Nh2 h5 14. Nf3 h4 15. Nf1
Nh5 16. Bg5 f6 17. Bxh4 Nf4 18. Qd2 Nxg2+ 19. Kd1 Nxh4 20. Nxh4 Rxh4 21. Ng3 g6
22. Kc2 Qe7 23. Rh2 O-O-O 24. Ne2 Kb8 25. Rf1 g5 26. Rfh1 Rdh8 27. Ng1 Rf4 28.
f3 Rfh4 29. Qg2 Nb4+ 30. cxb4 Bxa4+ 31. b3 Bd7 32. Ne2 Qh7 33. Ng1 Bxb4 34. Kb2
Qe7 35. Kb1 Ba3 36. Qc2 Qb4 37. Ne2 Rxh3 38. Nc1 Rxh2 39. Rxh2 Rxh2 40. Qxh2
Qc3 41. Qc2 Qxc2+ 42. Kxc2 Bxc1 43. Kxc1 Bh3 44. Kd2 c5 45. a3 Kc7 46. Kd1 Kc6
47. Kd2 b5 48. Kd1 Be6 49. Kc2 f5 50. Kb2 g4 51. exf5 Bxf5 52. fxg4 Bxd3 53.
Kc1 Kd6 54. Kd2 Bh7 55. g5 Ke6 56. Ke2 Kf5 57. g6 Bxg6 58. Kf3 Bh5+ 59. Kf2 e4
60. Ke1 Kf4 61. Kd2 d3 62. Ke1 e3 63. Kf1 d2 64. Kg2 d1=Q 65. Kh2 Kf3 66. b4
Qe2+ 67. Kh1 Qg2# 0-1

[Event "Youth Classic 2018 - Youth Open U14"]
[Site "Bad Soden-Neuenhain, Bürgerhau"]
[Date "2018.10.03"]
[Round "8.10"]
[White "Politoukhin, Nikolaj"]
[Black "Haller, Andreas"]
[Result "0-1"]
[WhiteElo "982"]
[BlackElo "1185"]
[PlyCount "58"]
[EventDate "2018.??.??"]
[WhiteTeam "SC Flörsheim"]
[BlackTeam "SC Bad Soden"]

1. e4 e5 2. Nf3 Nc6 3. d4 exd4 4. Bc4 d6 5. h3 Nf6 6. Nxd4 Nxe4 7. Qe2 Nxd4 8.
Qxe4+ Qe7 9. Qxe7+ Bxe7 10. Na3 O-O 11. Be3 Bf6 12. c3 Nf5 13. Bd2 Re8+ 14. Be2
b6 15. Kd1 Bb7 16. Bd3 Nh4 17. g3 Bxh1 18. gxh4 Bf3+ 19. Kc2 Bxh4 20. Nb5 Rec8
21. Bf5 Rd8 22. Nxc7 Rab8 23. Re1 g6 24. Bh6 Rb7 25. Ne6 Re8 26. b4 Rbe7 27.
Bf8 Rxf8 28. Kb3 Bd5+ 29. Ka4 fxe6 0-1

[Event "Youth Classic 2018 - Youth Open U14"]
[Site "Bad Soden-Neuenhain, Bürgerhau"]
[Date "2018.10.03"]
[Round "8.11"]
[White "Hery, Bastian"]
[Black "Gold, Jan Christian"]
[Result "1-0"]
[WhiteElo "1096"]
[BlackElo "831"]
[PlyCount "45"]
[EventDate "2018.??.??"]
[WhiteTeam "Vorw.Orient Mainz"]
[BlackTeam "SK Bad Homburg"]

1. e4 e5 2. Nf3 Nc6 3. Bc4 Bc5 4. c3 Nf6 5. d4 exd4 6. cxd4 Bb4+ 7. Nc3 Nxe4 8.
O-O Nxc3 9. bxc3 Bxc3 10. Qb3 Bxa1 11. Bxf7+ Kf8 12. Bg5 Ne7 13. Re1 d6 14. Bg8
Rxg8 15. Bxe7+ Qxe7 16. Rxe7 Kxe7 17. Qxg8 Kf6 18. Qd8+ Kf7 19. Qxc7+ Ke6 20.
Qc1 Bxd4 21. Nxd4+ Kd5 22. Nb5 Bd7 23. Nc3+ 1-0

[Event "Youth Classic 2018 - Youth Open U14"]
[Site "Bad Soden-Neuenhain, Bürgerhau"]
[Date "2018.10.03"]
[Round "8.12"]
[White "Riemann, Adrian"]
[Black "Coskun, Eray"]
[Result "1-0"]
[WhiteElo "933"]
[BlackElo "1015"]
[PlyCount "121"]
[EventDate "2018.??.??"]
[WhiteTeam "SK Bickenbach"]
[BlackTeam "SC Flörsheim"]

1. e4 e5 2. Nf3 Nc6 3. d4 exd4 4. Nxd4 Qf6 5. Nxc6 Qxc6 6. Nc3 Bb4 7. Qd4 Ba5
8. Qxg7 Qf6 9. Qxf6 Nxf6 10. e5 Nd5 11. Bd2 Nxc3 12. Bxc3 Bxc3+ 13. bxc3 b6 14.
Bb5 Bb7 15. O-O O-O-O 16. Rad1 Rhg8 17. f3 Rg5 18. Rfe1 Bxf3 19. Ba6+ Kb8 20.
Rd2 c6 21. Rf1 Bd5 22. c4 Be6 23. Re1 Kc7 24. g3 b5 25. cxb5 Kb6 26. a4 Rb8 27.
Re4 Kc5 28. Kg2 Bd5 29. Rxd5+ Kxd5 30. Kf3 f5 31. c4+ Kc5 32. Rh4 h5 33. Kf4
Rg4+ 34. Rxg4 fxg4 35. Kg5 Rh8 36. bxc6 Kxc6 37. Bb5+ Kc7 38. c5 Re8 39. Kxh5
Rxe5+ 40. Kxg4 Rxc5 41. Kh4 d5 42. g4 d4 43. g5 Rc3 44. g6 Rf3 45. g7 d3 46.
Bxd3 Rxd3 47. g8=Q Rd4+ 48. Kh5 Rxa4 49. Qf7+ Kc6 50. Qe8+ Kb6 51. Qxa4 a5 52.
Qd7 Kc5 53. Qa4 Kb6 54. Kg5 Kc5 55. h4 Kd6 56. h5 Ke7 57. h6 Kf7 58. Qc6 Kf8
59. Kf6 Kg8 60. Qd7 a4 61. Qg7# 1-0

[Event "Youth Classic 2018 - Youth Open U14"]
[Site "Bad Soden-Neuenhain, Bürgerhau"]
[Date "2018.10.03"]
[Round "8.13"]
[White "Gärtner, Johannes"]
[Black "Leithoff, Hans-Georg"]
[Result "1-0"]
[WhiteElo "1071"]
[BlackElo "1413"]
[PlyCount "51"]
[EventDate "2018.??.??"]
[WhiteTeam "SF Heidesheim"]
[BlackTeam "SV Eisenach"]

1. d4 c6 2. Bf4 g6 3. e3 Bg7 4. Nd2 d5 5. c4 Nf6 6. c5 Nbd7 7. Ngf3 O-O 8. Be2
Re8 9. O-O Nh5 10. Bg5 Qc7 11. Bh4 e5 12. Bg3 Nxg3 13. fxg3 exd4 14. exd4 b6
15. cxb6 Qxb6 16. Nb3 a5 17. a4 Rxe2 18. Qxe2 Qxb3 19. Qe8+ Nf8 20. Ng5 Bxd4+
21. Kh1 Qb7 22. Rxf7 Bd7 23. Rxf8+ Kg7 24. Qf7+ Kh6 25. Qxh7+ Kxg5 26. Qh4# 1-0

[Event "Youth Classic 2018 - Youth Open U14"]
[Site "Bad Soden-Neuenhain, Bürgerhau"]
[Date "2018.10.03"]
[Round "8.14"]
[White "Akhmatovski, Maxim"]
[Black "Haller, Christian"]
[Result "1-0"]
[WhiteElo "1056"]
[BlackElo "1160"]
[PlyCount "65"]
[EventDate "2018.??.??"]
[WhiteTeam "SV Oberursel"]
[BlackTeam "SC Bad Soden"]

1. e4 e5 2. Nf3 Nc6 3. Nc3 Nf6 4. Bb5 d6 5. h3 Bd7 6. d4 Qe7 7. O-O O-O-O 8. d5
Na5 9. Qe2 b6 10. Ba6+ Kb8 11. b4 Nb7 12. a4 Rc8 13. a5 Qd8 14. Bb5 Qe8 15. Be3
Be7 16. Bxd7 Qxd7 17. axb6 cxb6 18. Qd3 Qc7 19. Nb5 Qxc2 20. Qxc2 Rxc2 21. Nxa7
Bd8 22. Nc6+ Kc7 23. Rfc1 Rxc1+ 24. Rxc1 Nxe4 25. Ncxe5+ Kb8 26. Nd7+ Ka7 27.
Ra1+ Na5 28. bxa5 Nc3 29. axb6+ Kb7 30. Ra7+ Kc8 31. b7+ Kxd7 32. b8=Q+ Ke8 33.
Bb6 1-0

[Event "Youth Classic 2018 - Youth Open U14"]
[Site "Bad Soden-Neuenhain, Bürgerhau"]
[Date "2018.10.03"]
[Round "8.15"]
[White "Wolf, Jonathan"]
[Black "Richter, Tim"]
[Result "0-1"]
[WhiteElo "842"]
[BlackElo "1115"]
[PlyCount "86"]
[EventDate "2018.??.??"]
[WhiteTeam "SV Frankfurt Nord"]
[BlackTeam "SF Heidesheim"]

1. d4 Nf6 2. Bf4 g6 3. Nf3 Bg7 4. e3 d6 5. Nbd2 O-O 6. Bc4 Nbd7 7. O-O Re8 8.
Ng5 d5 9. Bb3 c6 10. e4 e5 11. c3 exf4 12. Re1 Nf8 13. Ba4 b5 14. Bb3 Ne6 15.
Nxe6 Bxe6 16. f3 Qc7 17. e5 Nd7 18. a4 a6 19. Ba2 Nb6 20. b3 f6 21. c4 bxc4 22.
bxc4 dxc4 23. a5 Nd7 24. Bxc4 Bxc4 25. Nxc4 fxe5 26. Rb1 exd4 27. Nb6 Nxb6 28.
axb6 Qb7 29. Qb3+ Kf8 30. Qb4+ Kg8 31. Qb3+ Qf7 32. b7 Rxe1+ 33. Rxe1 Rb8 34.
Re8+ Rxe8 35. b8=Q Rxb8 36. Qxb8+ Qf8 37. Qb3+ Qf7 38. Qb8+ Bf8 39. Qc8 Qc4 40.
h3 d3 41. Qd7 Qc1+ 42. Kh2 Bc5 43. Qd8+ Kg7 0-1

[Event "Youth Classic 2018 - Youth Open U14"]
[Site "Bad Soden-Neuenhain, Bürgerhau"]
[Date "2018.10.03"]
[Round "8.16"]
[White "Edelmann, Anastasija"]
[Black "Czinkota, Michael"]
[Result "0-1"]
[WhiteElo "864"]
[BlackElo "1267"]
[PlyCount "96"]
[EventDate "2018.??.??"]
[WhiteTeam "SC Frankfurt-West"]
[BlackTeam "SC Bad Soden"]

1. e4 e5 2. Nf3 Nc6 3. Nc3 Nf6 4. Bb5 a6 5. Bxc6 dxc6 6. Nxe5 Bc5 7. Nf3 O-O 8.
O-O Bg4 9. d3 Qd6 10. e5 Bxf3 11. Qxf3 Qxe5 12. Bf4 Qe7 13. Rfe1 Qd7 14. Qg3
Bd6 15. Ne4 Nxe4 16. dxe4 Bxf4 17. Qxf4 Rad8 18. h3 Qd4 19. Rad1 Qxb2 20. Rxd8
Rxd8 21. Qxc7 Rf8 22. Rd1 Qxc2 23. Rd8 Qxe4 24. Rxf8+ Kxf8 25. Qd6+ Qe7 26.
Qb8+ Qe8 27. Qd6+ Kg8 28. g4 h6 29. f4 Qe1+ 30. Kg2 Qe2+ 31. Kg1 Qxa2 32. g5
Qb1+ 33. Kg2 Qe4+ 34. Kg3 Qe3+ 35. Kg2 hxg5 36. Qd8+ Kh7 37. Qxg5 Qe4+ 38. Kg3
Qg6 39. Qxg6+ Kxg6 40. Kg4 Kf6 41. h4 g6 42. f5 b5 43. h5 gxh5+ 44. Kxh5 b4 45.
Kh6 b3 46. Kh7 b2 47. Kg8 b1=Q 48. Kf8 Qb8# 0-1

[Event "Youth Classic 2018 - Youth Open U14"]
[Site "Bad Soden-Neuenhain, Bürgerhau"]
[Date "2018.10.03"]
[Round "8.20"]
[White "Tobias, Karolin"]
[Black "Li, Toplink"]
[Result "1-0"]
[WhiteElo "910"]
[BlackElo "834"]
[PlyCount "35"]
[EventDate "2018.??.??"]
[WhiteTeam "SV Oberursel"]
[BlackTeam "Frankfurter TV"]

1. e4 c6 2. Nc3 d5 3. e5 Bf5 4. d4 Nd7 5. Nf3 c5 6. dxc5 Nxc5 7. Bb5+ Nd7 8.
Qxd5 a6 9. Ng5 e6 10. Bxd7+ Qxd7 11. Qxd7+ Kxd7 12. Nxf7 Bxc2 13. Nxh8 Ke8 14.
O-O Rd8 15. Bg5 Rd4 16. Rac1 Bf5 17. Rcd1 Rc4 18. Rd8# 1-0

[Event "Youth Classic 2018 - Youth Open U14"]
[Site "Bad Soden-Neuenhain, Bürgerhau"]
[Date "2018.10.03"]
[Round "8.21"]
[White "Nastassine, Tatiana"]
[Black "Welker, Alexandra"]
[Result "0-1"]
[WhiteElo "737"]
[BlackElo "1308"]
[PlyCount "84"]
[EventDate "2018.??.??"]
[WhiteTeam "Frankfurter TV"]
[BlackTeam "TuS Makkabi"]

1. e4 e5 2. Bc4 Nf6 3. d3 h6 4. Be3 Nc6 5. Nf3 d5 6. exd5 Nxd5 7. Bxd5 Qxd5 8.
O-O Bg4 9. Nbd2 Bb4 10. c3 Bd6 11. h3 Bh5 12. Ne4 f5 13. Ned2 Qxd3 14. Nc4 Qxc4
15. Qe1 Bxf3 16. gxf3 f4 17. Bd2 O-O-O 18. b3 Qf7 19. Kh1 Qh5 20. Qe2 Qxh3+ 21.
Kg1 Be7 22. Qe4 Rxd2 23. Qg6 Qxf3 24. b4 Bh4 25. Qg2 Qxg2+ 26. Kxg2 Rf8 27. Kh3
Bxf2 28. Rh1 Rd3+ 29. Kg4 Rxc3 30. Rh5 Rg3+ 31. Kh4 Rg5+ 32. Kh3 Rxh5+ 33. Kg2
Bd4 34. Kf3 Bxa1 35. Ke4 f3 36. Kd5 Nxb4+ 37. Kc4 Nxa2 38. Kb3 f2 39. Kc4 f1=Q+
40. Kb3 Rf3+ 41. Ka4 Qc4+ 42. Ka5 e4# 0-1

[Event "Youth Classic 2018 - Youth Open U14"]
[Site "Bad Soden-Neuenhain, Bürgerhau"]
[Date "2018.10.03"]
[Round "9.1"]
[White "Gallasch, Jonas"]
[Black "Riemann, Jonas"]
[Result "0-1"]
[WhiteElo "2045"]
[BlackElo "1785"]
[PlyCount "74"]
[EventDate "2018.??.??"]
[WhiteTeam "SG Porz"]
[BlackTeam "SK Bickenbach"]

1. d4 Nf6 2. c4 e6 3. Nf3 d5 4. Nc3 Bb4 5. cxd5 exd5 6. Qa4+ Nc6 7. Bd2 O-O 8.
e3 Bd7 9. Qc2 Bd6 10. a3 Ne7 11. Bd3 Re8 12. O-O g6 13. Rac1 c6 14. b4 Bf5 15.
Bxf5 Nxf5 16. Qb3 a6 17. Rfd1 Ne4 18. Be1 g5 19. Nxe4 Rxe4 20. Nd2 Rh4 21. Nf3
Rh5 22. g4 Rh6 23. gxf5 g4 24. Ne5 Qh4 25. Kf1 Qxh2 26. Nxg4 Qh3+ 27. Ke2 Qxg4+
28. f3 Qxf5 29. Bf2 Rh3 30. Rg1+ Kf8 31. f4 Bxf4 32. b5 Bd6 33. bxc6 bxc6 34.
Rxc6 Rh2 35. Rf1 Bg3 36. Qb4+ Kg8 37. Qe1 Rb8 0-1

[Event "Youth Classic 2018 - Youth Open U14"]
[Site "Bad Soden-Neuenhain, Bürgerhau"]
[Date "2018.10.03"]
[Round "9.2"]
[White "Zhu, Andy"]
[Black "Haack, Kevin"]
[Result "0-1"]
[WhiteElo "1444"]
[BlackElo "1870"]
[PlyCount "52"]
[EventDate "2018.??.??"]
[WhiteTeam "Frankfurter TV"]
[BlackTeam "SC Bad Soden"]

1. e4 c5 2. c3 Nf6 3. e5 Nd5 4. d4 cxd4 5. cxd4 e6 6. a3 Nc6 7. Nc3 d6 8. Nf3
dxe5 9. dxe5 Be7 10. Bc4 Nxc3 11. Qxd8+ Bxd8 12. bxc3 O-O 13. O-O a6 14. Bb2 b5
15. Bd3 Bc7 16. c4 bxc4 17. Bxc4 Rb8 18. Rab1 Bb7 19. Rfd1 Rfc8 20. Rd7 Na5 21.
Rc1 Bc6 22. Bxa6 Bxd7 23. Bxc8 Rxc8 24. h3 Bb6 25. Rd1 Ba4 26. Ng5 Bxd1 0-1

[Event "Youth Classic 2018 - Youth Open U14"]
[Site "Bad Soden-Neuenhain, Bürgerhau"]
[Date "2018.10.03"]
[Round "9.3"]
[White "Buchholz, Maja"]
[Black "Gräf, Jakob"]
[Result "1-0"]
[WhiteElo "1327"]
[BlackElo "1520"]
[PlyCount "111"]
[EventDate "2018.??.??"]
[WhiteTeam "SK Langen"]
[BlackTeam "SV Frankfurt Nord"]

1. c4 c6 2. Nf3 d5 3. b3 Bf5 4. Bb2 Nf6 5. g3 e6 6. Bg2 Nbd7 7. O-O Be7 8. d3
O-O 9. Nbd2 Qb6 10. Qc2 Rac8 11. e4 dxe4 12. dxe4 Bg6 13. Nh4 Rfd8 14. Nxg6
hxg6 15. Rac1 Bc5 16. Nf3 Ng4 17. Rcd1 Ndf6 18. Rxd8+ Rxd8 19. h3 Nxf2 20. Bd4
Bxd4 21. Nxd4 Nxh3+ 22. Bxh3 Qxd4+ 23. Kg2 Qxe4+ 24. Qxe4 Nxe4 25. a3 Rd2+ 26.
Kf3 Ng5+ 27. Kg4 Nxh3 28. Kxh3 Rd3 29. Rb1 f5 30. a4 a5 31. b4 axb4 32. Rxb4
Ra3 33. c5 e5 34. Rxb7 Rxa4 35. Rb6 e4 36. Rxc6 Kh7 37. Re6 Rc4 38. c6 g5 39.
Kg2 Rc3 40. Kf2 g6 41. Re7+ Kg8 42. c7 Kf8 43. Rd7 Rc2+ 44. Kf1 e3 45. Rd8+ Kf7
46. c8=Q Rxc8 47. Rxc8 f4 48. gxf4 gxf4 49. Ke2 Kf6 50. Kf3 Ke5 51. Rg8 Kd4 52.
Rxg6 Kd3 53. Rg2 Kc3 54. Kxf4 Kd3 55. Kf3 e2 56. Rxe2 1-0

[Event "Youth Classic 2018 - Youth Open U14"]
[Site "Bad Soden-Neuenhain, Bürgerhau"]
[Date "2018.10.03"]
[Round "9.4"]
[White "Ruppert, Henry"]
[Black "Plaumann, Arvin"]
[Result "1/2-1/2"]
[WhiteElo "1162"]
[BlackElo "1269"]
[PlyCount "54"]
[EventDate "2018.??.??"]
[WhiteTeam "SC Flörsheim"]
[BlackTeam "SF Heidesheim"]

1. e4 e6 2. d4 d5 3. Nd2 Nf6 4. e5 Nfd7 5. f4 c5 6. Ndf3 Nc6 7. c3 cxd4 8. cxd4
Bb4+ 9. Bd2 Qb6 10. Bc3 Qa5 11. Qd2 Bxc3 12. Qxc3 Qxc3+ 13. bxc3 Nb6 14. Bd3
Na5 15. Nd2 Bd7 16. Ngf3 Rc8 17. Rc1 Nac4 18. Rb1 Nxd2 19. Kxd2 O-O 20. Rhc1
Rc7 21. Bb5 Bxb5 22. Rxb5 Nc4+ 23. Kd3 b6 24. Nd2 Rfc8 25. Nxc4 Rxc4 26. a3 g6
27. Rb4 R8c6 1/2-1/2

[Event "Youth Classic 2018 - Youth Open U14"]
[Site "Bad Soden-Neuenhain, Bürgerhau"]
[Date "2018.10.03"]
[Round "9.5"]
[White "Schmid, Leon"]
[Black "Lorenz, Alexander"]
[Result "0-1"]
[WhiteElo "1144"]
[BlackElo "1748"]
[PlyCount "92"]
[EventDate "2018.??.??"]
[WhiteTeam "SF Heidesheim"]
[BlackTeam "SV Bergwinkel"]

1. e4 c5 2. Nf3 d6 3. Bc4 Nf6 4. d3 g6 5. Nc3 Bg7 6. O-O O-O 7. h3 Nc6 8. Be3
a6 9. a4 e6 10. Bg5 Qd7 11. Qd2 Na5 12. Rad1 Nxc4 13. dxc4 Rd8 14. Qe2 Qc7 15.
Rd3 h6 16. Bh4 g5 17. Bg3 e5 18. Rfd1 Be6 19. b3 Nh5 20. Bh2 Nf4 21. Bxf4 exf4
22. Qd2 Rd7 23. Ne2 Rad8 24. h4 f6 25. Kf1 Bg4 26. Nh2 Bh5 27. f3 Bg6 28. Rd5
Bf7 29. Rd3 Be6 30. hxg5 hxg5 31. Qe1 f5 32. exf5 Bxf5 33. R3d2 Re8 34. g3 Bc3
35. gxf4 Bxd2 36. Rxd2 gxf4 37. Qh4 Rg7 38. Qxf4 Bh3+ 39. Ke1 Qe7 40. Ng4 Bxg4
41. fxg4 Qh4+ 42. Kf1 Rf8 43. Qxf8+ Kxf8 44. Rxd6 Rf7+ 45. Kg2 Rf2+ 46. Kg1
Qh2# 0-1